[Event "msr26ss"]
[Site "?"]
[Date "2026.03.26"]
[Round "1.1"]
[White "Skreko, Igor"]
[Black "Baur, Martin"]
[Result "1-0"]
[BlackElo "1621"]
[WhiteElo "2204"]
[LiveChessVersion "1.4.8"]

1. e4 {[%clk 0:10:02]} c5 {[%clk 0:10:03]} 2. Nf3 {[%clk 0:10:03]} g6
{[%clk 0:10:05]} 3. d4 {[%clk 0:10:00]} cxd4 {[%clk 0:10:05]} 4. Nxd4
{[%clk 0:10:01]} Bg7 {[%clk 0:10:07]} 5. Nc3 {[%clk 0:10:00]} Nc6
{[%clk 0:10:06]} 6. Be3 {[%clk 0:10:01]} Nf6 {[%clk 0:10:07]} 7. Bc4
{[%clk 0:10:00]} O-O {[%clk 0:09:58]} 8. Bb3 {[%clk 0:09:59]} Na5
{[%clk 0:09:45]} 9. f3 {[%clk 0:09:46]} Nxb3 {[%clk 0:09:39]} 10. axb3
{[%clk 0:09:46]} d5 {[%clk 0:09:24]} 11. e5 {[%clk 0:09:33]} Nd7 {[%clk 0:09:21]}
12. f4 {[%clk 0:09:32]} e6 {[%clk 0:09:15]} 13. O-O {[%clk 0:09:27]} a5
{[%clk 0:09:04]} 14. Ndb5 {[%clk 0:09:06]} b6 {[%clk 0:08:45]} 15. b4
{[%clk 0:08:44]} Ba6 {[%clk 0:07:39]} 16. bxa5 {[%clk 0:08:44]} bxa5
{[%clk 0:07:39]} 17. Re1 {[%clk 0:08:26]} f6 {[%clk 0:07:15]} 18. exf6
{[%clk 0:08:19]} Nxf6 {[%clk 0:07:09]} 19. Bc5 {[%clk 0:07:49]} Re8
{[%clk 0:06:55]} 20. Nd6 {[%clk 0:07:32]} Re7 {[%clk 0:06:20]} 21. f5
{[%clk 0:07:24]} exf5 {[%clk 0:05:34]} 22. Nxd5 {[%clk 0:06:28]} Rxe1+
{[%clk 0:04:48]} 23. Qxe1 {[%clk 0:06:29]} Nxd5 {[%clk 0:04:39]} 24. Qe6+
{[%clk 0:06:29]} Kh8 {[%clk 0:04:40]} 25. Nf7+ {[%clk 0:06:29]} 1-0

[Event "msr26ss"]
[Site "?"]
[Date "2026.03.26"]
[Round "1.2"]
[White "Havala, Michal"]
[Black "Novomeska, Karin"]
[Result "0-1"]
[BlackElo "2014"]
[WhiteElo "1628"]
[LiveChessVersion "1.4.8"]

1. e4 {[%clk 0:10:01]} c6 {[%clk 0:10:04]} 2. d4 {[%clk 0:10:01]} d5
{[%clk 0:10:05]} 3. e5 {[%clk 0:09:59]} Bf5 {[%clk 0:10:05]} 4. Bd3
{[%clk 0:09:58]} Bxd3 {[%clk 0:09:58]} 5. Qxd3 {[%clk 0:09:57]} Qa5+
{[%clk 0:09:59]} 6. Nc3 {[%clk 0:09:45]} e6 {[%clk 0:09:52]} 7. Nf3
{[%clk 0:09:31]} Ne7 {[%clk 0:09:43]} 8. O-O {[%clk 0:09:00]} Qa6
{[%clk 0:09:31]} 9. Qxa6 {[%clk 0:08:29]} Nxa6 {[%clk 0:09:31]} 10. a3
{[%clk 0:08:24]} Nf5 {[%clk 0:08:57]} 11. Bg5 {[%clk 0:07:30]} h6
{[%clk 0:08:54]} 12. Bd2 {[%clk 0:06:58]} Be7 {[%clk 0:08:39]} 13. Ne2
{[%clk 0:06:13]} c5 {[%clk 0:08:07]} 14. c3 {[%clk 0:05:13]} Rc8 {[%clk 0:07:50]}
15. Rac1 {[%clk 0:05:05]} c4 {[%clk 0:07:22]} 16. Ng3 {[%clk 0:04:30]} Kd7
{[%clk 0:05:49]} 17. Nxf5 {[%clk 0:04:21]} exf5 {[%clk 0:05:49]} 18. Rfe1
{[%clk 0:04:08]} Ke6 {[%clk 0:05:45]} 19. g3 {[%clk 0:03:08]} g5 {[%clk 0:05:34]}
20. Kg2 {[%clk 0:02:57]} Rcg8 {[%clk 0:05:25]} 21. Ng1 {[%clk 0:02:54]} Nb8
{[%clk 0:04:13]} 22. f3 {[%clk 0:02:28]} Nc6 {[%clk 0:04:00]} 23. Ne2
{[%clk 0:01:35]} Na5 {[%clk 0:03:56]} 24. Rc2 {[%clk 0:01:22]} Nb3
{[%clk 0:03:23]} 25. Nc1 {[%clk 0:01:21]} Nxc1 {[%clk 0:02:37]} 26. Rexc1
{[%clk 0:01:21]} b5 {[%clk 0:02:34]} 27. Rb1 {[%clk 0:01:21]} h5 {[%clk 0:02:25]}
28. h3 {[%clk 0:01:20]} f4 {[%clk 0:02:19]} 29. g4 {[%clk 0:01:18]} hxg4
{[%clk 0:02:19]} 30. fxg4 {[%clk 0:01:18]} Rh6 {[%clk 0:02:11]} 31. Rh1
{[%clk 0:01:18]} Rgh8 {[%clk 0:02:11]} 32. Rcc1 {[%clk 0:01:17]} f5
{[%clk 0:01:53]} 33. gxf5+ {[%clk 0:01:12]} Kxf5 {[%clk 0:01:53]} 34. Rh2
{[%clk 0:01:03]} f3+ {[%clk 0:01:31]} 35. Kg3 Ke4 {[%clk 0:01:20]} 36. Rch1
{[%clk 0:00:52]} Rf8 {[%clk 0:01:18]} 37. Kf2 {[%clk 0:00:50]} 0-1

[Event "msr26ss"]
[Site "?"]
[Date "2026.03.26"]
[Round "1.3"]
[White "Libich, Oliver"]
[Black "Lang, Tomas"]
[Result "1-0"]
[BlackElo "1000"]
[WhiteElo "1985"]
[LiveChessVersion "1.4.8"]

1. d4 {[%clk 0:10:02]} d5 {[%clk 0:09:59]} 2. c4 {[%clk 0:10:03]} Nf6
{[%clk 0:09:57]} 3. Bg5 {[%clk 0:09:55]} Bf5 {[%clk 0:09:48]} 4. Bxf6
{[%clk 0:09:47]} gxf6 {[%clk 0:09:48]} 5. Nc3 {[%clk 0:09:48]} e5
{[%clk 0:09:40]} 6. cxd5 {[%clk 0:09:25]} Bb4 {[%clk 0:09:37]} 7. Qa4+
{[%clk 0:09:17]} c6 {[%clk 0:08:31]} 8. Qxb4 {[%clk 0:09:16]} cxd5
{[%clk 0:07:42]} 9. Qxb7 {[%clk 0:08:51]} Qb6 {[%clk 0:06:25]} 10. Qxb6
{[%clk 0:08:41]} axb6 {[%clk 0:06:23]} 11. dxe5 {[%clk 0:08:32]} d4
{[%clk 0:06:14]} 12. Nd5 {[%clk 0:08:22]} Na6 {[%clk 0:05:35]} 13. Nxf6+
{[%clk 0:08:21]} Ke7 {[%clk 0:05:18]} 14. g4 {[%clk 0:08:04]} Bg6
{[%clk 0:05:06]} 15. h4 {[%clk 0:08:02]} Nb4 {[%clk 0:05:03]} 16. Rc1
{[%clk 0:07:49]} d3 {[%clk 0:04:58]} 17. exd3 {[%clk 0:07:47]} Ke6
{[%clk 0:03:48]} 18. a3 {[%clk 0:07:35]} Nxd3+ {[%clk 0:03:43]} 19. Bxd3
{[%clk 0:07:36]} Bxd3 {[%clk 0:03:43]} 20. Nf3 {[%clk 0:07:29]} Rhd8
{[%clk 0:03:19]} 21. Rc6+ {[%clk 0:07:18]} Ke7 {[%clk 0:03:13]} 22. Ng5
{[%clk 0:06:49]} Rac8 {[%clk 0:02:39]} 23. Rxc8 {[%clk 0:06:49]} Rxc8
{[%clk 0:02:40]} 24. Kd2 {[%clk 0:06:50]} Bc4 {[%clk 0:02:25]} 25. Rc1
{[%clk 0:06:49]} b5 {[%clk 0:02:25]} 26. Ngxh7 {[%clk 0:06:18]} Ke6
{[%clk 0:02:15]} 27. f4 {[%clk 0:06:17]} Rd8+ {[%clk 0:02:10]} 28. Ke3
{[%clk 0:06:13]} Rh8 {[%clk 0:01:41]} 29. Ng5+ {[%clk 0:06:07]} Ke7
{[%clk 0:01:26]} 30. h5 {[%clk 0:06:07]} Rd8 {[%clk 0:00:56]} 31. h6
{[%clk 0:05:51]} Rd3+ {[%clk 0:00:56]} 32. Ke4 {[%clk 0:05:52]} Rd8
{[%clk 0:00:56]} 33. h7 {[%clk 0:05:52]} Rc8 {[%clk 0:00:55]} 34. Rd1
{[%clk 0:05:47]} Kf8 {[%clk 0:00:47]} 35. h8=Q+ {[%clk 0:05:39]} 1-0

[Event "msr26ss"]
[Site "?"]
[Date "2026.03.26"]
[Round "1.4"]
[White "Pobiecka, Margareta"]
[Black "Janovsky, Samuel"]
[Result "0-1"]
[BlackElo "1825"]
[WhiteElo "1000"]
[LiveChessVersion "1.4.8"]

1. e4 {[%clk 0:10:01]} c5 {[%clk 0:10:03]} 2. Nf3 {[%clk 0:10:00]} a6
{[%clk 0:10:04]} 3. b3 {[%clk 0:09:59]} Nc6 {[%clk 0:10:01]} 4. a4
{[%clk 0:09:52]} Nf6 {[%clk 0:10:00]} 5. d3 {[%clk 0:09:37]} g6 {[%clk 0:09:49]}
6. e5 {[%clk 0:08:37]} Ng4 {[%clk 0:09:42]} 7. Qe2 {[%clk 0:08:02]} Bg7
{[%clk 0:09:35]} 8. Nc3 {[%clk 0:07:04]} Ngxe5 {[%clk 0:09:24]} 9. Ne4
{[%clk 0:06:17]} Nxf3+ {[%clk 0:09:22]} 10. Qxf3 {[%clk 0:06:14]} Bxa1
{[%clk 0:09:17]} 11. Nxc5 {[%clk 0:05:50]} Bc3+ {[%clk 0:09:05]} 12. Bd2
{[%clk 0:05:47]} Bxd2+ {[%clk 0:09:00]} 13. Kxd2 {[%clk 0:05:46]} Qa5+
{[%clk 0:09:00]} 14. c3 {[%clk 0:05:42]} Qxc5 {[%clk 0:09:00]} 15. Be2
{[%clk 0:04:51]} Qa3 {[%clk 0:08:41]} 16. Rc1 {[%clk 0:04:40]} Qxb3
{[%clk 0:08:28]} 17. Bd1 {[%clk 0:04:33]} Qe6 {[%clk 0:07:55]} 18. Qe2
{[%clk 0:03:41]} Qxe2+ {[%clk 0:07:51]} 19. Bxe2 {[%clk 0:03:41]} b5
{[%clk 0:07:52]} 20. axb5 {[%clk 0:03:32]} axb5 {[%clk 0:07:53]} 21. Bf3
{[%clk 0:03:17]} Ra2+ {[%clk 0:07:50]} 22. Rc2 {[%clk 0:03:15]} Rxc2+
{[%clk 0:07:45]} 23. Kxc2 {[%clk 0:03:15]} b4 {[%clk 0:07:45]} 24. Kb2
{[%clk 0:02:59]} bxc3+ {[%clk 0:07:41]} 25. Kxc3 {[%clk 0:02:58]} Ne5
{[%clk 0:07:34]} 0-1

[Event "msr26ss"]
[Site "?"]
[Date "2026.03.26"]
[Round "1.5"]
[White "Szakal, Bartolomej"]
[Black "Oruzinsky, Juraj"]
[Result "1/2-1/2"]
[BlackElo "2308"]
[WhiteElo "2075"]
[LiveChessVersion "1.4.8"]

1. c4 {[%clk 0:10:02]} c5 {[%clk 0:09:59]} 2. Nc3 {[%clk 0:10:02]} Nc6
{[%clk 0:09:57]} 3. g3 {[%clk 0:10:03]} g6 {[%clk 0:09:56]} 4. Bg2
{[%clk 0:10:04]} Bg7 {[%clk 0:09:57]} 5. Nf3 {[%clk 0:10:03]} d6 {[%clk 0:09:57]}
6. O-O {[%clk 0:10:01]} e5 {[%clk 0:09:57]} 7. d3 {[%clk 0:09:57]} Nge7
{[%clk 0:09:57]} 8. a3 {[%clk 0:09:56]} O-O {[%clk 0:09:49]} 9. Rb1
{[%clk 0:09:56]} a5 {[%clk 0:09:46]} 10. Ne1 {[%clk 0:09:51]} Be6
{[%clk 0:09:42]} 11. Nc2 {[%clk 0:09:51]} d5 {[%clk 0:09:39]} 12. cxd5
{[%clk 0:09:51]} Nxd5 {[%clk 0:09:38]} 13. Ne3 {[%clk 0:09:52]} Nb6
{[%clk 0:08:28]} 14. Bd2 {[%clk 0:08:40]} Qe7 {[%clk 0:08:14]} 15. Ncd5
{[%clk 0:07:50]} Nxd5 {[%clk 0:08:13]} 16. Nxd5 {[%clk 0:07:50]} Qd6
{[%clk 0:08:12]} 17. Nb6 {[%clk 0:07:20]} Rad8 {[%clk 0:08:03]} 18. Bc3
{[%clk 0:05:21]} Qc7 {[%clk 0:07:21]} 19. Na4 {[%clk 0:04:50]} Nd4
{[%clk 0:06:01]} 20. Bxd4 {[%clk 0:04:24]} Rxd4 {[%clk 0:06:02]} 21. e3
{[%clk 0:03:33]} Rd6 {[%clk 0:05:41]} 22. b4 {[%clk 0:03:33]} axb4
{[%clk 0:04:39]} 23. axb4 {[%clk 0:03:33]} c4 {[%clk 0:04:34]} 24. Qc2
{[%clk 0:02:38]} b6 {[%clk 0:03:11]} 25. dxc4 {[%clk 0:02:03]} Qxc4
{[%clk 0:03:10]} 26. Qxc4 {[%clk 0:01:44]} Bxc4 {[%clk 0:03:09]} 27. Rfd1
{[%clk 0:01:21]} Rxd1+ {[%clk 0:01:57]} 28. Rxd1 {[%clk 0:01:22]} Bb3
{[%clk 0:01:58]} 29. Ra1 {[%clk 0:01:23]} e4 {[%clk 0:01:15]} 30. Ra3
{[%clk 0:01:19]} Bc2 {[%clk 0:00:56]} 31. Nxb6 {[%clk 0:00:59]} f5
{[%clk 0:00:36]} 32. Ra8 {[%clk 0:00:45]} Rxa8 {[%clk 0:00:34]} 33. Nxa8
{[%clk 0:00:46]} Bd3 {[%clk 0:00:29]} 34. Nb6 {[%clk 0:00:41]} Kf7
{[%clk 0:00:22]} 35. Nd7 {[%clk 0:00:28]} Bc3 {[%clk 0:00:18]} 36. Bf1
{[%clk 0:00:17]} Bxf1 {[%clk 0:00:17]} 37. Kxf1 {[%clk 0:00:17]} Bxb4
{[%clk 0:00:18]} 38. Ne5+ {[%clk 0:00:17]} Ke6 {[%clk 0:00:17]} 39. Nc4
{[%clk 0:00:16]} Kd5 {[%clk 0:00:13]} 40. Nb2 {[%clk 0:00:09]} Bc3
{[%clk 0:00:11]} 41. Nd1 {[%clk 0:00:09]} Be5 {[%clk 0:00:11]} 42. Ke2
{[%clk 0:00:09]} h6 {[%clk 0:00:11]} 43. f3 {[%clk 0:00:08]} exf3+ 44. Kxf3
{[%clk 0:00:09]} h5 {[%clk 0:00:09]} 45. Nf2 {[%clk 0:00:10]} g5 {[%clk 0:00:08]}
46. Nd3 {[%clk 0:00:07]} Bd6 {[%clk 0:00:08]} 47. h3 {[%clk 0:00:07]} g4+
{[%clk 0:00:09]} 48. hxg4 {[%clk 0:00:08]} hxg4+ {[%clk 0:00:07]} 49. Kf2
{[%clk 0:00:08]} Ke4 {[%clk 0:00:07]} 50. Ne1 {[%clk 0:00:06]} Bb4
{[%clk 0:00:06]} 51. Ng2 {[%clk 0:00:07]} Bd6 {[%clk 0:00:07]} 1/2-1/2

[Event "msr26ss"]
[Site "?"]
[Date "2026.03.26"]
[Round "1.6"]
[White "Musaev, Matej Elbek"]
[Black "Hroncova, Ema"]
[Result "1-0"]
[BlackElo "1000"]
[WhiteElo "2069"]
[LiveChessVersion "1.4.8"]

1. e4 {[%clk 0:10:03]} e5 {[%clk 0:10:03]} 2. Nf3 {[%clk 0:10:04]} Nc6
{[%clk 0:10:02]} 3. Bb5 {[%clk 0:10:05]} Nf6 {[%clk 0:10:02]} 4. d3
{[%clk 0:10:05]} a6 {[%clk 0:10:01]} 5. Ba4 {[%clk 0:10:06]} b5 {[%clk 0:10:00]}
6. Bb3 {[%clk 0:10:07]} d5 {[%clk 0:09:53]} 7. exd5 {[%clk 0:09:59]} Nxd5
{[%clk 0:09:51]} 8. h3 {[%clk 0:09:27]} Bb4+ {[%clk 0:09:33]} 9. c3
{[%clk 0:09:25]} Nxc3 {[%clk 0:09:28]} 10. bxc3 {[%clk 0:09:21]} Bc5
{[%clk 0:09:06]} 11. Ng5 {[%clk 0:08:47]} O-O {[%clk 0:09:02]} 12. Nxf7
{[%clk 0:08:34]} Qe7 {[%clk 0:08:51]} 13. Bg5 {[%clk 0:07:04]} Qd7
{[%clk 0:08:27]} 14. Nxe5+ {[%clk 0:07:00]} Kh8 {[%clk 0:08:04]} 15. Nxd7
{[%clk 0:06:59]} Bxd7 {[%clk 0:08:00]} 16. O-O {[%clk 0:06:57]} Rf5
{[%clk 0:07:37]} 17. Be3 {[%clk 0:06:40]} Bxe3 {[%clk 0:07:17]} 18. fxe3
{[%clk 0:06:40]} Re5 {[%clk 0:07:05]} 19. e4 {[%clk 0:06:39]} h6 {[%clk 0:06:58]}
20. Nd2 {[%clk 0:06:39]} a5 {[%clk 0:06:50]} 21. Bc2 {[%clk 0:06:37]} b4
{[%clk 0:06:44]} 22. d4 {[%clk 0:06:31]} Re7 {[%clk 0:06:33]} 23. Nf3
{[%clk 0:06:24]} bxc3 {[%clk 0:06:22]} 24. a3 {[%clk 0:06:25]} a4
{[%clk 0:05:15]} 25. Nh4 {[%clk 0:06:20]} Rf7 {[%clk 0:04:57]} 26. Rxf7
{[%clk 0:06:18]} Be8 {[%clk 0:04:47]} 27. Rf8+ {[%clk 0:06:15]} Kh7
{[%clk 0:04:46]} 28. e5+ {[%clk 0:06:14]} g6 {[%clk 0:04:32]} 29. Qf3
{[%clk 0:06:04]} h5 {[%clk 0:04:24]} 30. Qxh5+ {[%clk 0:06:02]} Kg7
{[%clk 0:04:09]} 31. Qh8# 1-0

[Event "msr26ss"]
[Site "?"]
[Date "2026.03.26"]
[Round "1.7"]
[White "Gallo, Samuel"]
[Black "Krajcirik, Matej"]
[Result "0-1"]
[BlackElo "1646"]
[WhiteElo "1000"]
[LiveChessVersion "1.4.8"]

1. e4 {[%clk 0:10:01]} d6 {[%clk 0:10:04]} 2. d4 {[%clk 0:10:02]} Nf6
{[%clk 0:10:04]} 3. Nc3 {[%clk 0:10:02]} g6 {[%clk 0:10:02]} 4. Nf3
{[%clk 0:09:59]} Bg7 {[%clk 0:10:03]} 5. Bc4 {[%clk 0:09:52]} O-O
{[%clk 0:10:02]} 6. O-O {[%clk 0:09:51]} Nbd7 {[%clk 0:10:02]} 7. Bg5
{[%clk 0:09:48]} e5 {[%clk 0:09:50]} 8. d5 {[%clk 0:09:34]} Nc5 {[%clk 0:09:40]}
9. Qd2 {[%clk 0:09:17]} Bg4 {[%clk 0:09:08]} 10. Qe3 {[%clk 0:08:40]} Qd7
{[%clk 0:08:26]} 11. b4 {[%clk 0:08:32]} Na6 {[%clk 0:08:02]} 12. Bxa6
{[%clk 0:08:23]} bxa6 {[%clk 0:08:03]} 13. h3 {[%clk 0:07:36]} Bxf3
{[%clk 0:07:55]} 14. Qxf3 {[%clk 0:07:31]} Ne8 {[%clk 0:07:17]} 15. h4
{[%clk 0:07:08]} f5 {[%clk 0:06:55]} 16. Qh3 {[%clk 0:06:39]} Nf6
{[%clk 0:05:15]} 17. exf5 {[%clk 0:05:55]} Qxf5 {[%clk 0:05:14]} 18. Qxf5
{[%clk 0:05:52]} gxf5 {[%clk 0:05:14]} 19. Rfe1 {[%clk 0:05:23]} h6
{[%clk 0:05:03]} 20. Bd2 {[%clk 0:05:12]} Rab8 {[%clk 0:04:32]} 21. Rab1
{[%clk 0:05:08]} Nd7 {[%clk 0:04:15]} 22. f4 {[%clk 0:04:34]} exf4
{[%clk 0:04:01]} 23. Na4 {[%clk 0:04:03]} Be5 {[%clk 0:03:41]} 24. Rf1
{[%clk 0:03:51]} Bd4+ {[%clk 0:03:08]} 25. Kh1 {[%clk 0:03:49]} Be3
{[%clk 0:03:08]} 26. Bc3 {[%clk 0:02:44]} Nb6 {[%clk 0:02:59]} 27. Nxb6
{[%clk 0:02:39]} axb6 {[%clk 0:02:54]} 28. Rbd1 {[%clk 0:02:16]} Ra8
{[%clk 0:02:41]} 29. Bd2 {[%clk 0:01:52]} a5 {[%clk 0:02:11]} 30. b5
{[%clk 0:01:27]} Rae8 {[%clk 0:02:05]} 31. Bxe3 {[%clk 0:01:14]} fxe3
{[%clk 0:02:05]} 32. Rde1 {[%clk 0:01:06]} f4 {[%clk 0:01:58]} 33. Rf3
{[%clk 0:01:04]} Kh7 {[%clk 0:01:54]} 34. Kh2 {[%clk 0:01:00]} Re5
{[%clk 0:01:54]} 35. c4 {[%clk 0:00:53]} Re4 {[%clk 0:01:54]} 36. Re2
{[%clk 0:00:46]} Rxc4 {[%clk 0:01:53]} 37. g3 {[%clk 0:00:34]} fxg3+
{[%clk 0:01:44]} 38. Kxg3 {[%clk 0:00:35]} Rxf3+ {[%clk 0:01:36]} 39. Kxf3
{[%clk 0:00:36]} Rc5 {[%clk 0:01:35]} 40. Rxe3 {[%clk 0:00:35]} Kg6
{[%clk 0:01:31]} 41. Kg4 {[%clk 0:00:33]} Rxb5 {[%clk 0:01:26]} 42. Re6+
{[%clk 0:00:34]} Kg7 {[%clk 0:01:24]} 43. Re7+ {[%clk 0:00:30]} Kf6
{[%clk 0:01:24]} 44. Rxc7 {[%clk 0:00:31]} Rxd5 {[%clk 0:01:23]} 45. Rc6
{[%clk 0:00:30]} h5+ {[%clk 0:01:18]} 46. Kg3 {[%clk 0:00:30]} Ke5
{[%clk 0:01:14]} 47. Rxb6 {[%clk 0:00:30]} Rd3+ {[%clk 0:01:14]} 48. Kf2
{[%clk 0:00:29]} Rd2+ {[%clk 0:01:15]} 49. Ke3 {[%clk 0:00:28]} Rxa2
{[%clk 0:01:16]} 50. Rb5+ {[%clk 0:00:28]} Ke6 {[%clk 0:01:16]} 51. Rxh5
{[%clk 0:00:27]} a4 {[%clk 0:01:11]} 52. Kd3 {[%clk 0:00:28]} Rb2
{[%clk 0:01:12]} 53. Kc3 {[%clk 0:00:29]} Rb8 {[%clk 0:01:12]} 54. Ra5
{[%clk 0:00:28]} Rb3+ {[%clk 0:01:10]} 55. Kc2 {[%clk 0:00:25]} Rb4
{[%clk 0:01:10]} 56. Kc3 {[%clk 0:00:25]} Rxh4 {[%clk 0:01:11]} 57. Kb2
{[%clk 0:00:23]} d5 {[%clk 0:01:11]} 58. Ka3 {[%clk 0:00:23]} Ke5
{[%clk 0:01:12]} 59. Rxd5+ {[%clk 0:00:18]} Kxd5 {[%clk 0:01:13]} 60. Kb2
{[%clk 0:00:18]} Kc4 {[%clk 0:01:13]} 61. Ka3 {[%clk 0:00:18]} Rh3+
{[%clk 0:01:14]} 62. Kxa4 {[%clk 0:00:19]} Rh1 {[%clk 0:01:13]} 63. Ka5
{[%clk 0:00:20]} Kc5 {[%clk 0:01:13]} 64. Ka4 {[%clk 0:00:18]} Kc6
{[%clk 0:01:15]} 65. Kb3 {[%clk 0:00:18]} Rh4 {[%clk 0:01:14]} 66. Kc3
{[%clk 0:00:19]} Kd5 {[%clk 0:01:14]} 67. Kb3 {[%clk 0:00:18]} Rc4
{[%clk 0:01:15]} 68. Kb2 {[%clk 0:00:16]} Kd4 {[%clk 0:01:10]} 69. Kb3
{[%clk 0:00:17]} Rc5 {[%clk 0:01:10]} 70. Kb4 {[%clk 0:00:17]} Rc8
{[%clk 0:01:06]} 71. Kb5 {[%clk 0:00:18]} Kd5 {[%clk 0:01:07]} 72. Kb4
{[%clk 0:00:19]} Kd6 {[%clk 0:01:05]} 73. Kb5 {[%clk 0:00:18]} Kd7
{[%clk 0:01:03]} 74. Kb6 {[%clk 0:00:17]} Kd6 {[%clk 0:01:04]} 75. Kb5
{[%clk 0:00:18]} Kd5 {[%clk 0:01:04]} 76. Kb6 {[%clk 0:00:19]} Rc6+
{[%clk 0:01:04]} 77. Kb7 {[%clk 0:00:19]} Kc5 {[%clk 0:01:03]} 78. Kb8
{[%clk 0:00:19]} Kb6 {[%clk 0:01:03]} 79. Ka8 {[%clk 0:00:18]} Rc8# 0-1

[Event "msr26ss"]
[Site "?"]
[Date "2026.03.26"]
[Round "1.8"]
[White "Jancovicova, Tamara"]
[Black "Ciglan, Nikolas"]
[Result "1-0"]
[BlackElo "1000"]
[WhiteElo "1739"]
[LiveChessVersion "1.4.8"]

1. e4 {[%clk 0:10:02]} e5 {[%clk 0:10:03]} 2. Nf3 {[%clk 0:10:03]} Nc6
{[%clk 0:10:04]} 3. Bb5 {[%clk 0:10:03]} d6 {[%clk 0:10:04]} 4. c3
{[%clk 0:09:58]} Bd7 {[%clk 0:10:04]} 5. d4 {[%clk 0:09:47]} a6 {[%clk 0:10:03]}
6. Ba4 {[%clk 0:09:38]} b5 {[%clk 0:09:59]} 7. Bb3 {[%clk 0:09:38]} Nf6
{[%clk 0:09:48]} 8. O-O {[%clk 0:08:44]} Nxe4 {[%clk 0:09:42]} 9. Re1
{[%clk 0:08:44]} Nf6 {[%clk 0:09:42]} 10. dxe5 {[%clk 0:08:43]} dxe5
{[%clk 0:09:42]} 11. Nxe5 {[%clk 0:08:36]} Nxe5 {[%clk 0:09:25]} 12. Rxe5+
{[%clk 0:08:32]} Be7 {[%clk 0:09:24]} 13. Re1 {[%clk 0:07:53]} O-O
{[%clk 0:09:18]} 14. Bg5 {[%clk 0:07:17]} h6 {[%clk 0:09:10]} 15. Bh4
{[%clk 0:07:16]} Re8 {[%clk 0:08:43]} 16. Nd2 {[%clk 0:06:22]} Ng4
{[%clk 0:08:28]} 17. Bg3 {[%clk 0:05:48]} c5 {[%clk 0:07:36]} 18. c4
{[%clk 0:04:44]} Rf8 {[%clk 0:07:13]} 19. Qe2 {[%clk 0:03:53]} Bh4
{[%clk 0:07:03]} 20. Qf3 {[%clk 0:02:30]} Bxg3 {[%clk 0:06:35]} 21. Qxg3
{[%clk 0:02:24]} Qg5 {[%clk 0:06:25]} 22. Ne4 {[%clk 0:02:08]} Qf5
{[%clk 0:05:48]} 23. Rad1 {[%clk 0:01:38]} Bc6 {[%clk 0:05:20]} 24. Nd6
{[%clk 0:01:23]} Qg6 {[%clk 0:04:55]} 25. cxb5 {[%clk 0:01:09]} axb5
{[%clk 0:04:54]} 26. a3 {[%clk 0:00:20]} Rad8 {[%clk 0:04:50]} 27. h3
{[%clk 0:00:15]} Nf6 {[%clk 0:04:20]} 28. Qxg6 {[%clk 0:00:14]} b4
{[%clk 0:04:05]} 29. Nxf7 {[%clk 0:01:06]} Be8 {[%clk 0:03:47]} 30. Rxd8
{[%clk 0:00:29]} Nh7 {[%clk 0:03:23]} 31. Rdxe8 {[%clk 0:00:21]} Rxe8
{[%clk 0:03:17]} 32. Rxe8+ {[%clk 0:00:20]} Nf8 {[%clk 0:03:18]} 33. Nxh6+
{[%clk 0:00:19]} Kh8 {[%clk 0:03:16]} 34. Rxf8# {[%clk 0:00:19]} 1-0

[Event "msr26ss"]
[Site "?"]
[Date "2026.03.26"]
[Round "1.9"]
[White "Compel, Daniel"]
[Black "Kulich, Daniel"]
[Result "0-1"]
[BlackElo "2020"]
[WhiteElo "2136"]
[LiveChessVersion "1.4.8"]

1. d4 {[%clk 0:10:03]} d5 {[%clk 0:09:58]} 2. c4 {[%clk 0:10:03]} e6
{[%clk 0:09:59]} 3. Nf3 {[%clk 0:10:03]} Nf6 {[%clk 0:09:59]} 4. g3
{[%clk 0:10:03]} Bb4+ {[%clk 0:09:38]} 5. Bd2 {[%clk 0:10:03]} Bxd2+
{[%clk 0:09:37]} 6. Nbxd2 {[%clk 0:10:01]} O-O {[%clk 0:09:37]} 7. Bg2
{[%clk 0:10:01]} b6 {[%clk 0:09:19]} 8. cxd5 {[%clk 0:09:56]} exd5
{[%clk 0:09:14]} 9. O-O {[%clk 0:09:55]} Nbd7 {[%clk 0:09:09]} 10. Rc1
{[%clk 0:09:53]} c5 {[%clk 0:09:02]} 11. dxc5 {[%clk 0:09:15]} bxc5
{[%clk 0:09:03]} 12. Nb3 {[%clk 0:08:37]} Qb6 {[%clk 0:08:58]} 13. Qc2
{[%clk 0:08:29]} Ne4 {[%clk 0:08:42]} 14. Nfd2 {[%clk 0:08:19]} Nxd2
{[%clk 0:07:40]} 15. Qxd2 {[%clk 0:08:13]} Nf6 {[%clk 0:06:30]} 16. Nxc5
{[%clk 0:08:02]} Rb8 {[%clk 0:06:26]} 17. b3 {[%clk 0:07:57]} Be6
{[%clk 0:06:09]} 18. Rfd1 {[%clk 0:07:21]} Rfc8 {[%clk 0:06:07]} 19. Na4
{[%clk 0:06:58]} Qd6 {[%clk 0:04:11]} 20. h3 {[%clk 0:05:16]} Qd7
{[%clk 0:03:30]} 21. Kh2 {[%clk 0:05:08]} Rxc1 {[%clk 0:03:10]} 22. Rxc1
{[%clk 0:05:01]} Ne4 {[%clk 0:03:05]} 23. Qd4 {[%clk 0:03:18]} Qb5
{[%clk 0:02:49]} 24. Rc2 {[%clk 0:02:43]} h5 {[%clk 0:02:22]} 25. h4
{[%clk 0:01:20]} Bf5 {[%clk 0:01:16]} 26. Rb2 {[%clk 0:01:20]} Rc8
{[%clk 0:01:01]} 27. Qxa7 {[%clk 0:01:13]} Rc1 {[%clk 0:00:52]} 28. Qe3
{[%clk 0:01:07]} Re1 {[%clk 0:00:48]} 29. f3 {[%clk 0:00:46]} Nf6
{[%clk 0:00:37]} 30. Nc3 {[%clk 0:00:45]} Qd7 {[%clk 0:00:24]} 31. Rd2
{[%clk 0:00:43]} Rc1 {[%clk 0:00:08]} 32. Nxd5 {[%clk 0:00:32]} Nxd5 33. Rxd5
{[%clk 0:00:32]} Qxd5 {[%clk 0:00:04]} 34. Qxc1 {[%clk 0:00:32]} Qa5
{[%clk 0:00:04]} 35. a3 {[%clk 0:00:28]} Be6 {[%clk 0:00:04]} 36. b4
{[%clk 0:00:29]} Qb5 {[%clk 0:00:05]} 37. Qb2 {[%clk 0:00:25]} Bc4
{[%clk 0:00:06]} 38. Bf1 {[%clk 0:00:22]} Qb6 {[%clk 0:00:04]} 39. Kg2
{[%clk 0:00:20]} f6 {[%clk 0:00:05]} 40. Qc3 {[%clk 0:00:20]} Qb5
{[%clk 0:00:05]} 41. Qe3 {[%clk 0:00:14]} Kf7 {[%clk 0:00:07]} 42. Qc5
{[%clk 0:00:14]} Qa6 {[%clk 0:00:03]} 43. Qc7+ {[%clk 0:00:06]} Kg6
{[%clk 0:00:04]} 44. Qa5 {[%clk 0:00:06]} Qe6 {[%clk 0:00:04]} 45. Qc5
{[%clk 0:00:04]} Ba6 {[%clk 0:00:04]} 46. e4 {[%clk 0:00:05]} Bc8 47. Bd3
{[%clk 0:00:05]} Qh3+ {[%clk 0:00:06]} 48. Kf2 {[%clk 0:00:06]} Qh2+
{[%clk 0:00:08]} 49. Ke3 {[%clk 0:00:08]} Qg1+ {[%clk 0:00:09]} 50. Kf4 Qa1
{[%clk 0:00:04]} 51. e5+ {[%clk 0:00:07]} f5 {[%clk 0:00:06]} 52. Qd6+
{[%clk 0:00:39]} Kh7 {[%clk 0:00:06]} 53. Kg5 {[%clk 0:00:18]} Qc1+
{[%clk 0:00:04]} 54. f4 {[%clk 0:00:19]} Qg1 {[%clk 0:00:03]} 55. Qg6+
{[%clk 0:00:15]} Kh8 {[%clk 0:00:04]} 56. Qxh5+ {[%clk 0:00:15]} Kg8
{[%clk 0:00:05]} 57. Qe8+ {[%clk 0:00:16]} Kh7 {[%clk 0:00:07]} 58. Qf7
{[%clk 0:00:12]} Qxg3+ {[%clk 0:00:08]} 59. Kh5 {[%clk 0:00:13]} Qg4#
{[%clk 0:00:08]} 0-1